00402pab a2200133 454500008004000000100001600040245007200056260000900128300001500137362001300152650002500165650002200190773005600212180718b2015 xxu||||| |||| 00| 0 eng d aRam, Chetan aUrmul Jyoti Sansthan: developing rural India, the participatory way c2015 ap.231-236. aApr- Jun aUrmul Jyoti Sansthan aRural development aJournal of Development Management and Communication